000 00666nam a2200181 a 4500
001 000039244
005 20250217091458.0
008 130617s1995 mx ac 000 0 spa d
020 _a9681101596
040 _aDO-SdBNP
_bspa
_cBNPHU
100 1 _aJuan Pablo
_bII
_cpapa,
_d1920-2005
_910991
245 1 0 _aQueridísimos jóvenes /
_cJuan Pablo II ; prólogo Nicolás de Jesús López Rodríguez.
260 _aMéxico :
_bPlaza & Janes Editores,
_c1995.
300 _a232 p. :
_bils., retrs. ;
_c22 cm.
500 _aIncluye índice de materias
534 _aTítulo oríginal : Carissimi Giovani
700 1 _a López Rodríguez, Nicolás de Jesús,
_d1936-
_epról.
_9670
999 _c38734
_d38734